| 000 | 00412nam a2200157Ia 4500 | ||
|---|---|---|---|
| 005 | 20250701023551.0 | ||
| 008 | 240331s9999 xx 000 0 und d | ||
| 020 | _a9552084016 | ||
| 082 |
_bSAR _a823 |
||
| 100 | _aSarath Ananda,G.G | ||
| 245 | 0 | _aLengathukama | |
| 260 |
_aColombo _bS. Godage & Brothers _c2006 |
||
| 300 | _a140 p ., | ||
| 500 | _aShort Stories by Tamil poets who shed Tamil Blood | ||
| 942 | _cL | ||
| 999 |
_c5268 _d5268 |
||